10 Najlepszych strzelców w historii Premier League - Statystyki

Ogólne statystyki
  • Ten quiz został rozwiązany 35 razy
  • Średni wynik to 6 z 10
Statystyki odpowiedzi
Gole Piłkarz % Poprawnych
260 Alan Shearer
81%
208 Wayne Rooney
81%
213 Harry Kane
75%
175 Thierry Henry
72%
184 Sergio Aguero
69%
177 Frank Lampard
56%
190 Mohamed Salah
56%
187 Andy Cole
31%
162 Robbie Fowler
28%
163 Jermain Defoe
16%
Nie znaleziono quizów pasujących do podanych kryteriów
Rozkład punktacji
Procent ludzi z każdym wynikiem
Percentyl według liczby udzielonych odpowiedzi
Twoja historia wyników
Nie rozwiązałeś tego quizu